| 000 | 00575nam a2200205 4500 | ||
|---|---|---|---|
| 001 | 131016 | ||
| 003 | ES-MaACL | ||
| 005 | 20250710062731.0 | ||
| 007 | t| | ||
| 008 | 070214s1958 fr r ||||1| fre d | ||
| 100 | 1 |
_aRobert, Fernand. _997801 |
|
| 245 | 1 | 3 |
_aLa Littérature Grecque / _cpar Fernand Robert. |
| 250 | _a4e éd. | ||
| 260 |
_aParis : _bPresses Universitaires de France, _c1958. |
||
| 300 |
_a127 p. ; _c18 cm. |
||
| 490 | 1 |
_aQue sais-je? ; _v227 |
|
| 830 | 0 | 0 |
_aQue sais-je? _v227 _9180931 |
| 852 |
_aES-MaACL _jC-15612 _bR.43390 |
||
| 999 |
_c131016 _d131016 |
||